Profiles of poverty in India (Record no. 1218891)

MARC details
000 -LEADER
fixed length control field 00572nam a2200205Ia 4500
008 - FIXED-LENGTH DATA ELEMENTS--GENERAL INFORMATION
fixed length control field 241004s9999 xx 000 0 und d
020 ## - INTERNATIONAL STANDARD BOOK NUMBER
International Standard Book Number 9789391123598
037 ## - SOURCE OF ACQUISITION
Stock number Textbook
040 ## - CATALOGING SOURCE
Original cataloging agency ARTS
Language of cataloging eng
Transcribing agency ARTS
041 ## - LANGUAGE CODE
Language code of text/sound track or separate title eng
Source of code eng
084 ## - COLON CLASSIFICATION NUMBER
Classification number Y:434.2 M2;R2
Assigning agency ARTS
100 ## - MAIN ENTRY--PERSONAL NAME
Personal name Punit A.E. Au.
9 (RLIN) 724738
245 ## - TITLE STATEMENT
Title Profiles of poverty in India
Statement of responsibility, etc. Punit A.E. Au.
260 ## - PUBLICATION, DISTRIBUTION, ETC.
Place of publication, distribution, etc. India
Name of publisher, distributor, etc. Delhi B.R. Publishing
Date of publication, distribution, etc. 2020
300 ## - PHYSICAL DESCRIPTION
Extent xiv,195p.
365 ## - TRADE PRICE
Price type code INR
Price amount 1250
650 ## - SUBJECT ADDED ENTRY--TOPICAL TERM
Topical term or geographic name entry element Sociology
942 ## - ADDED ENTRY ELEMENTS (KOHA)
Koha item type Textbook
Classification part Y:434.2 M2;R2
Holdings
Withdrawn status Lost status Source of classification or shelving scheme Damaged status Not for loan Home library Current library Date acquired Source of acquisition Cost, normal purchase price Inventory number Total Checkouts Full call number Barcode Date last seen Price effective from Koha item type
    Colon Classification (CC)     Arts Library Arts Library 2024-12-06 Shivam Book Service 1250.00 148 & 19/01/2023   Y:434.2 M2;R2 AL1666949 2024-10-04 2024-10-04 Textbook
Copyright @ Delhi University Library System